[Event "Muensterland Verbandsklasse Gr1 2223"]
[Site "Germany"]
[Date "2022.09.17"]
[Round "1.2"]
[White "Krimphove, Martin"]
[Black "Steverding, Tim"]
[Result "1-0"]
[WhiteElo "1604"]
[BlackElo "1544"]
[PlyCount "71"]
[EventDate "2022.09.17"]
[EventType "team-tourn"]
[EventRounds "5"]
[EventCountry "GER"]
[SourceTitle "EXT 2024"]
[Source "ChessBase"]
[SourceDate "2023.10.10"]
[SourceVersion "1"]
[SourceVersionDate "2023.10.10"]
[SourceQuality "1"]
[WhiteTeam "Duelmen II"]
[BlackTeam "Bocholt II"]
[WhiteTeamCountry "GER"]
[BlackTeamCountry "GER"]

1. d4 d5 2. Nf3 Nf6 3. Bg5 e6 4. e3 Be7 5. Bd3 h6 6. Bh4 c5 7. c3 0-0 8. Nbd2 Nc6 9. 0-0 a6 10. Ne5 Nxe5 11. dxe5 Nd7 12. Bxe7 Qxe7 13. f4 b5 14. Qh5 f5 15. g4 Nb6 16. Nf3 Qf7 17. Qxf7+ Kxf7 18. gxf5 exf5 19. h4 g6 20. Kf2 Rg8 21. Rg1 Na4 22. Rab1 Be6 23. Bc2 Nb6 24. Rg3 Nc4 25. Bd3 Nb6 26. Rbg1 Na4 27. Rb1 Rad8 28. Bc2 Nb6 29. b3 b4 30. cxb4 cxb4 31. Nd4 Rc8 32. Rbg1 Rce8 33. Nxe6 Rxe6 34. Bxf5 Rc6 35. Bh3 a5 36. h5 1-0

[Event "Muensterland Verbandsklasse 2122"]
[Site "Germany"]
[Date "2021.09.25"]
[Round "1.5"]
[White "Krimphove, Martin"]
[Black "Pohlmeier, Ulrich"]
[Result "1-0"]
[WhiteElo "1480"]
[BlackElo "1635"]
[PlyCount "83"]
[EventDate "2021.09.25"]
[EventType "team-tourn"]
[EventRounds "2"]
[EventCountry "GER"]
[SourceTitle "EXT 2023"]
[Source "ChessBase"]
[SourceDate "2022.10.05"]
[SourceVersion "1"]
[SourceVersionDate "2022.10.05"]
[SourceQuality "1"]
[WhiteTeam "Duelmen II"]
[BlackTeam "Rheine Klein Berlin II"]
[WhiteTeamCountry "GER"]
[BlackTeamCountry "GER"]

1. d4 Nf6 2. c4 g6 3. Nc3 Bg7 4. e4 d6 5. Nf3 0-0 6. Be2 e5 7. dxe5 dxe5 8. Qxd8 Rxd8 9. Bg5 Re8 10. Bxf6 Bxf6 11. Nd5 Bd8 12. 0-0 c6 13. Nc3 a5 14. a3 Bf6 15. b4 Be6 16. Rfd1 Nd7 17. c5 g5 18. Nd2 Bg7 19. Bc4 Bxc4 20. Nxc4 Red8 21. Nxa5 Rab8 22. Nc4 Nf6 23. Rxd8+ Rxd8 24. Nd6 b6 25. a4 bxc5 26. bxc5 Nd7 27. Nb7 Ra8 28. a5 Bf8 29. Na4 Rb8 30. a6 Ra8 31. Nb6 Nxb6 32. cxb6 Bb4 33. a7 Bc3 34. Rb1 Bd4 35. Nd6 Bxb6 36. Rxb6 Rxa7 37. f3 Ra1+ 38. Kf2 Ra2+ 39. Kg3 h5 40. Rxc6 h4+ 41. Kh3 Rd2 42. Nc4 1-0